|
|
|
|
| LEADER |
00000nam0a2200000 4500 |
| 001 |
338456 |
| 005 |
20231102005041.0 |
| 035 |
|
|
|a (RuTPU)RU\TPU\book\364951
|
| 090 |
|
|
|a 338456
|
| 100 |
|
|
|a 20171124d1912 m y0rusy50 ca
|
| 101 |
0 |
|
|a rus
|
| 102 |
|
|
|a RU
|
| 105 |
|
|
|a y z 000zy
|
| 200 |
1 |
|
|a Атлантида
|e речь, произнесенная на годичном акте Ю. Ч. У. К. 18 сентября 1911 г.
|f В. В. Богачев
|
| 210 |
|
|
|a Юрьев
|c Типография Эд. Бергмана
|d 1912
|
| 215 |
|
|
|a 21 с.
|
| 606 |
|
|
|a Античная география
|2 stltpush
|3 (RuTPU)RU\TPU\subj\29252
|9 52630
|
| 610 |
1 |
|
|a мифы
|
| 610 |
1 |
|
|a острова
|
| 610 |
1 |
|
|a Европа
|
| 675 |
|
|
|a 91(09)
|v 4
|
| 700 |
|
1 |
|a Богачев
|b В. В.
|
| 801 |
|
1 |
|a RU
|b 63413507
|c 20171124
|
| 801 |
|
2 |
|a RU
|b 63413507
|c 20171124
|g RCR
|
| 942 |
|
|
|c BK
|